00661nam a2200169 a 450000100100000000500170001000800410002704000250006808200160009310000190010924501170012826001390024530000200038449000330040470000210043783000330045800002814120200930031402.0110407s1998 dr 000 0 spa d aDO-SdBNPbspacBNPHU axxxxbF487p1 aFilmus, Daniel10aPerspectivas de la educación en América Latina y República Dominicana /cDaniel Filmus, Josefina Pimentel. aSanto Domingo :bPrograma de Promoción de la Reforma Educativa en América :bFacultad Latinoamericana de Ciencias Sociales,c1998. a47 p. ;c27 cm.1 aDiálogos educativosvno. 212aPimentel, Daniel 0aDiálogos educativosvno. 2